<?xml version="1.0" encoding="UTF-8"?>
<record
    xmlns:xsi="http://www.w3.org/2001/XMLSchema-instance"
    xsi:schemaLocation="http://www.loc.gov/MARC21/slim http://www.loc.gov/standards/marcxml/schema/MARC21slim.xsd"
    xmlns="http://www.loc.gov/MARC21/slim">

  <leader>01110nam a2200229Ia 4500</leader>
  <datafield tag="952" ind1=" " ind2=" ">
    <subfield code="0">0</subfield>
    <subfield code="1">0</subfield>
    <subfield code="4">0</subfield>
    <subfield code="7">0</subfield>
    <subfield code="a">22</subfield>
    <subfield code="b">22</subfield>
    <subfield code="d">2011-04-06</subfield>
    <subfield code="l">1</subfield>
    <subfield code="o">K123 P47 2010</subfield>
    <subfield code="p">17 001347</subfield>
    <subfield code="r">2018-07-10</subfield>
    <subfield code="s">2018-07-10</subfield>
    <subfield code="t">1</subfield>
    <subfield code="w">2012-06-26</subfield>
    <subfield code="y">LB</subfield>
  </datafield>
  <datafield tag="952" ind1=" " ind2=" ">
    <subfield code="0">0</subfield>
    <subfield code="1">0</subfield>
    <subfield code="2">lcc</subfield>
    <subfield code="4">0</subfield>
    <subfield code="7">0</subfield>
    <subfield code="a">20</subfield>
    <subfield code="b">20</subfield>
    <subfield code="d">2018-01-29</subfield>
    <subfield code="l">4</subfield>
    <subfield code="o">K123 P47 2010</subfield>
    <subfield code="p">20 001129</subfield>
    <subfield code="r">2024-05-30</subfield>
    <subfield code="s">2019-08-23</subfield>
    <subfield code="t">1</subfield>
    <subfield code="w">2018-01-29</subfield>
    <subfield code="y">LB</subfield>
  </datafield>
  <datafield tag="999" ind1=" " ind2=" ">
    <subfield code="c">73826</subfield>
    <subfield code="d">73826</subfield>
  </datafield>
  <controlfield tag="005">20231102151126.0</controlfield>
  <controlfield tag="008">120626t20101997mx a          000 0 spa d</controlfield>
  <datafield tag="020" ind1=" " ind2=" ">
    <subfield code="a">9786070902246</subfield>
  </datafield>
  <datafield tag="050" ind1="1" ind2="4">
    <subfield code="a">K123</subfield>
    <subfield code="b">P47 2010</subfield>
  </datafield>
  <datafield tag="100" ind1="1" ind2=" ">
    <subfield code="a">P&#xE9;rez Fern&#xE1;ndez del Castillo, Bernardo.</subfield>
    <subfield code="e">autor</subfield>
  </datafield>
  <datafield tag="245" ind1="1" ind2="0">
    <subfield code="a">Deontolog&#xED;a jur&#xED;dica</subfield>
    <subfield code="b"> : &#xC9;tica del abogado y del servidor p&#xFA;blico</subfield>
    <subfield code="c"> / Bernardo P&#xE9;rez Fern&#xE1;ndez del Castillo</subfield>
  </datafield>
  <datafield tag="250" ind1=" " ind2=" ">
    <subfield code="a">17a. edici&#xF3;n</subfield>
  </datafield>
  <datafield tag="260" ind1=" " ind2=" ">
    <subfield code="a">M&#xE9;xico </subfield>
    <subfield code="b"> : Porr&#xFA;a</subfield>
    <subfield code="c"> , 2010</subfield>
  </datafield>
  <datafield tag="300" ind1=" " ind2=" ">
    <subfield code="a">xiii ; 213 p&#xE1;ginas</subfield>
  </datafield>
  <datafield tag="504" ind1=" " ind2=" ">
    <subfield code="a">Incluye:
Dedicatoria
Introducci&#xF3;n
&#xED;ndice de contenido
Bibliograf&#xED;a (pp. 205-206)</subfield>
  </datafield>
  <datafield tag="505" ind1="2" ind2=" ">
    <subfield code="a">Deontolog&#xED;a y normas morales
Las Profesiones
La Abogac&#xED;a
Deberes del Abogado
La Prestaci&#xF3;n de Servicios del Abogado
Los Colegios de Profesionales
La &#xC9;tica del Servidor P&#xFA;blico
Algunos C&#xF3;digos de Conducta
</subfield>
  </datafield>
  <datafield tag="519" ind1=" " ind2=" ">
    <subfield code="a">Plan Flexible / </subfield>
    <subfield code="b">Derecho / </subfield>
    <subfield code="c">&#xC9;tica Jur&#xED;dica (P31-1) / </subfield>
    <subfield code="d">(17 001347) </subfield>
  </datafield>
  <datafield tag="519" ind1=" " ind2=" ">
    <subfield code="a">Plan Flexible / </subfield>
    <subfield code="b">Derecho / </subfield>
    <subfield code="c">&#xC9;tica jur&#xED;dica (P31) / </subfield>
    <subfield code="d">(20 001129)</subfield>
  </datafield>
  <datafield tag="650" ind1="1" ind2="4">
    <subfield code="a">DERECHO</subfield>
    <subfield code="2">&#xC9;TICA</subfield>
    <subfield code="z">M&#xC9;XICO</subfield>
  </datafield>
  <datafield tag="650" ind1="2" ind2="4">
    <subfield code="a">SERVIDORES P&#xDA;BLICOS</subfield>
    <subfield code="x">&#xC9;TICA</subfield>
  </datafield>
  <datafield tag="942" ind1=" " ind2=" ">
    <subfield code="c">LB</subfield>
  </datafield>
</record>
